[Event "DVM U10 2013"]
[Site "Magdeburg GER"]
[Date "2013.12.28"]
[Round "4"]
[White "Haufe, Laurin"]
[Black "Junghans, Richard"]
[Result "1-0"]
[Termination "normal"]
[Board "6.2"]
[WhiteElo "1254"]
[BlackElo "789"]
[WhiteTeam "BSG Grün-Weiß Leipzig 1"]
[BlackTeam "BSG Grün-Weiß Leipzig 2"]
[WhiteFideId "12976504"]
[BlackFideId "16214544"]
[EventCountry "GER"]
[EventRounds "6"]
[EventType "team-swiss"]
[EventDate "2013.12.27"]

1. e4 e5 2. Nf3 Nc6 3. d4 Bb4+ 4. c3 Bd6 5. d5 Nge7 6. dxc6 dxc6 7. Bc4 Bg4 8.
Be3 b6 9. Qb3 O-O 10. Ng5 Bh5 11. g4 Bg6 12. h4 h5 13. f3 c5 14. Nd2 Qd7 15.
Ne6 Rfc8 16. Nf1 Rcb8 17. Ng5 Rf8 18. Ng3 hxg4 19. h5 Kh8 20. hxg6+ Kg8 21.
Bxf7+ Rxf7 22. Qxf7# 1-0

[Event "DVM U10 2013"]
[Site "Magdeburg GER"]
[Date "2013.12.28"]
[Round "4"]
[White "Heinicke, Pascal"]
[Black "Hinze, Aaron"]
[Result "1-0"]
[Termination "normal"]
[Board "6.3"]
[WhiteElo "982"]
[BlackElo "1129"]
[WhiteTeam "BSG Grün-Weiß Leipzig 2"]
[BlackTeam "BSG Grün-Weiß Leipzig 1"]
[BlackFideId "12990183"]
[EventCountry "GER"]
[EventRounds "6"]
[EventType "team-swiss"]
[EventDate "2013.12.27"]

1. e4 e5 2. Nf3 Nf6 3. Nc3 Nc6 4. Bc4 Bc5 5. d3 h6 6. Be3 Bb6 7. O-O d6 8. Nh4
Ng4 9. Qf3 O-O 10. Qg3 Nxe3 11. fxe3 Bxe3+ 12. Kh1 Bf4 13. Qf2 Nd4 14. Ng6 Re8
15. Nd5 fxg6 16. Nxf4+ Kh8 17. Bf7 Rf8 18. Nxg6+ Kh7 19. Nxf8+ 1-0

[Event "DVM U10 2013"]
[Site "Magdeburg GER"]
[Date "2013.12.28"]
[Round "4"]
[White "Stephan, Maxime"]
[Black "Schneider, Luca"]
[Result "1-0"]
[Termination "normal"]
[Board "6.4"]
[WhiteElo "1138"]
[BlackElo "600"]
[WhiteTeam "BSG Grün-Weiß Leipzig 1"]
[BlackTeam "BSG Grün-Weiß Leipzig 2"]
[EventCountry "GER"]
[EventRounds "6"]
[EventType "team-swiss"]
[EventDate "2013.12.27"]

1. e4 e5 2. Nf3 Nc6 3. Bc4 Nf6 4. Nc3 Bc5 5. d3 d6 6. Bg5 Bg4 7. Bxf6 Qxf6 8.
Nd5 Qd8 9. c3 O-O 10. h3 Be6 11. b4 Bb6 12. O-O Ne7 13. Qb3 c6 14. Nxe7+ Qxe7
15. a4 d5 16. exd5 cxd5 17. Bxd5 Bxd5 18. Qxd5 Rad8 19. Qe4 Qc7 20. Ng5 Rfe8
21. Qxh7+ Kf8 22. Qh8+ Ke7 23. Qxg7 Rg8 24. Qxf7+ Kd6 25. Ne4+ Kc6 26. b5# 1-0

[Event "DVM U10 2013"]
[Site "Magdeburg GER"]
[Date "2013.12.28"]
[Round "4"]
[White "Biermann, Lenhard"]
[Black "Bui, Bao Anh Le"]
[Result "1-0"]
[Termination "normal"]
[Board "7.1"]
[WhiteElo "1440"]
[BlackElo "1522"]
[WhiteTeam "TuS Ende"]
[BlackTeam "Treptower SV 1949 e.V."]
[WhiteFideId "12970077"]
[BlackFideId "12970719"]
[EventCountry "GER"]
[EventRounds "6"]
[EventType "team-swiss"]
[EventDate "2013.12.27"]

1. d4 Nf6 2. c4 e6 3. Nc3 Bb4 4. Nf3 b6 5. a3 Bxc3+ 6. bxc3 Bb7 7. Bf4 d6 8. e3
Nbd7 9. Be2 O-O 10. O-O Qe7 11. Re1 Ne4 12. Qc2 f5 13. Nd2 Qf7 14. f3 Nxd2 15.
Qxd2 Nf6 16. Red1 Qg6 17. Qe1 Rae8 18. Qf2 Nh5 19. Bg3 Nxg3 20. Qxg3 Qxg3 21.
hxg3 g6 22. Kf2 Rd8 23. d5 e5 24. f4 exf4 25. gxf4 Rfe8 26. Re1 Re7 27. Bd3
Rde8 28. Re2 c6 29. Rd1 cxd5 30. cxd5 Rc7 31. c4 Rec8 32. Rc2 Bxd5 33. Bxf5
gxf5 34. Rxd5 Rxc4 35. Rxc4 Rxc4 36. Rxf5 Rc7 37. Rd5 Rd7 38. Kf3 Kf7 39. f5
Kf6 40. Kf4 a6 41. e4 h6 42. Kf3 b5 43. Kf4 Ke7 44. Rd3 Rd8 45. Rg3 Rf8 46.
Rg7+ Rf7 47. Rg3 Rf8 48. Rd3 Rf6 49. Rc3 Rf8 50. Rc7+ Kf6 51. Rc6 Rd8 52. Rxa6
1-0

[Event "DVM U10 2013"]
[Site "Magdeburg GER"]
[Date "2013.12.28"]
[Round "4"]
[White "Rusack, Noah"]
[Black "Biermann, Florian"]
[Result "0-1"]
[Termination "normal"]
[Board "7.2"]
[WhiteElo "894"]
[BlackElo "1725"]
[WhiteTeam "Treptower SV 1949 e.V."]
[BlackTeam "TuS Ende"]
[WhiteFideId "12970700"]
[BlackFideId "12970069"]
[EventCountry "GER"]
[EventRounds "6"]
[EventType "team-swiss"]
[EventDate "2013.12.27"]

1. d4 Nf6 2. Nf3 g6 3. e3 Bg7 4. Bd3 d6 5. Nbd2 Nbd7 6. O-O O-O 7. e4 e5 8. c3
c6 9. Re1 Nh5 10. Nc4 Qc7 11. Bd2 d5 12. Ne3 Re8 13. exd5 e4 14. dxc6 Qxc6 15.
d5 Qc7 16. Nc2 Nhf6 17. Bxe4 Rxe4 18. Rxe4 Nxe4 19. Qe2 Nxd2 20. Qxd2 Nf6 21.
Ne3 Bg4 22. Nxg4 Nxg4 23. d6 Qd7 24. Qg5 h6 25. Qc5 b6 26. Qd5 Rd8 27. Rd1 Nf6
28. Qd2 Ne4 29. Qe3 Qe6 30. d7 Nc5 31. Qxe6 fxe6 32. b4 Rxd7 33. Re1 Na4 34. c4
Nc3 35. h3 Rd1 36. Rxd1 Nxd1 37. c5 Kf8 38. Kf1 Nc3 39. a3 bxc5 40. bxc5 Ke7
41. Ke1 Na4 42. Nh4 g5 43. Ng6+ Kf6 44. c6 Kxg6 45. c7 Nb6 46. Kd2 Be5 47. Kd3
Bxc7 48. Kd4 e5+ 49. Kc5 Bd8 0-1

[Event "DVM U10 2013"]
[Site "Magdeburg GER"]
[Date "2013.12.28"]
[Round "4"]
[White "Tiller, Moritz"]
[Black "Bahro, Paul"]
[Result "0-1"]
[Termination "normal"]
[Board "7.3"]
[WhiteElo "1039"]
[BlackElo "888"]
[WhiteTeam "TuS Ende"]
[BlackTeam "Treptower SV 1949 e.V."]
[BlackFideId "12957194"]
[EventCountry "GER"]
[EventRounds "6"]
[EventType "team-swiss"]
[EventDate "2013.12.27"]

1. e4 e5 2. Nf3 Nc6 3. Bc4 Bc5 4. d3 Nf6 5. Nc3 d6 6. h3 Be6 7. Bxe6 fxe6 8.
Bg5 h6 9. Bxf6 Qxf6 10. Nb5 O-O 11. Nxc7 Rac8 12. Nb5 a6 13. Nc3 Bb4 14. O-O
Bxc3 15. bxc3 d5 16. Rb1 Rfd8 17. Qc1 b5 18. Qa3 Nb8 19. Rfe1 d4 20. cxd4 exd4
21. e5 Qf8 22. Qxf8+ Kxf8 23. Re4 Rxc2 24. Nxd4 Rc3 25. Nxe6+ Ke7 26. Nxd8 Kxd8
27. d4 Nc6 28. d5 Ne7 29. d6 Nd5 30. Rd4 Nb6 31. e6 Rc6 32. d7 Rxe6 33. Rc1
Nxd7 34. Rg4 g5 35. h4 gxh4 36. Rxh4 Ne5 37. Re1 Nf3+ 38. gxf3 Rxe1+ 39. Kg2
Re2 40. f4 Rxa2 41. Rxh6 a5 42. Rb6 b4 43. f5 Ra3 44. Re6 Kd7 45. Re1 Rd3 46.
f6 Rd6 47. Ra1 Rxf6 48. Rxa5 Rb6 49. Kg3 b3 50. Ra1 b2 51. Rb1 Ke6 52. Kf3 Kd5
53. Ke2 Kc4 54. Kd2 Kb3 55. f4 Rc6 56. Rf1 Ka2 57. f5 b1=Q 58. Rxb1 Kxb1 59.
Ke3 Rc4 60. f6 Kc2 61. f7 Rc8 62. Ke4 Rf8 63. Ke5 Rxf7 0-1

[Event "DVM U10 2013"]
[Site "Magdeburg GER"]
[Date "2013.12.28"]
[Round "4"]
[White "Schauties, Nico Antonio"]
[Black "Peters, Moritz"]
[Result "1-0"]
[Termination "normal"]
[Board "7.4"]
[WhiteElo "600"]
[BlackElo "799"]
[WhiteTeam "Treptower SV 1949 e.V."]
[BlackTeam "TuS Ende"]
[WhiteFideId "16206371"]
[EventCountry "GER"]
[EventRounds "6"]
[EventType "team-swiss"]
[EventDate "2013.12.27"]

1. e4 e5 2. Nf3 Nc6 3. Bc4 Bd6 4. Nc3 Nge7 5. d3 O-O 6. Bg5 h6 7. Be3 a6 8. Qd2
Bb4 9. a3 Bxc3 10. Qxc3 d6 11. h3 a5 12. O-O b6 13. d4 d5 14. exd5 Nxd5 15.
Bxd5 Qxd5 16. dxe5 Nxe5 17. Nxe5 Qe4 18. Rad1 Bb7 19. Nf3 Rad8 20. Bd4 Rd5 21.
Rfe1 Qg6 22. Re2 Qc6 23. Qxc6 Bxc6 24. Rde1 Rb5 25. b3 Rf5 26. Re3 b5 27. Rc3
Rf6 28. Bxf6 gxf6 29. Rxc6 Rc8 30. Rxf6 Kg7 31. Ra6 b4 32. Rxa5 bxa3 33. Rxa3
c5 34. Re4 1-0

[Event "DVM U10 2013"]
[Site "Magdeburg GER"]
[Date "2013.12.28"]
[Round "4"]
[White "Morgenstern, Tobias"]
[Black "Stimatz, Ravi"]
[Result "0-1"]
[Termination "normal"]
[Board "8.1"]
[WhiteElo "1073"]
[BlackElo "1067"]
[WhiteTeam "Schachzwerge Magdeburg 1"]
[BlackTeam "SK Bremen-West"]
[WhiteFideId "12974390"]
[BlackFideId "12965251"]
[EventCountry "GER"]
[EventRounds "6"]
[EventType "team-swiss"]
[EventDate "2013.12.27"]

1. e4 e6 2. d4 d5 3. e5 c5 4. Nf3 Nc6 5. Be3 cxd4 6. Bxd4 Nxd4 7. Nxd4 Qc7 8.
Bb5+ Bd7 9. Bxd7+ Qxd7 10. O-O Bc5 11. c3 Ne7 12. Nd2 O-O 13. N2f3 Rfe8 14. Qd3
Rad8 15. Rac1 Ng6 16. Rfe1 Qc7 17. b4 Be7 18. h3 a6 19. a3 b5 20. Ra1 Rc8 21.
Rec1 Nxe5 22. Qe3 Nc4 23. Qd3 Ne5 24. Qe3 Nxf3+ 25. Nxf3 Bf6 26. Nd4 h6 27. Ne2
Qd6 28. a4 e5 29. Re1 Bg5 30. Qf3 e4 31. Qf5 Rcd8 32. g3 g6 33. Qg4 f5 0-1

[Event "DVM U10 2013"]
[Site "Magdeburg GER"]
[Date "2013.12.28"]
[Round "4"]
[White "Guse, Jannis"]
[Black "von Pokrzywnicki, Moritz"]
[Result "1-0"]
[Termination "normal"]
[Board "8.2"]
[WhiteElo "972"]
[BlackElo "1016"]
[WhiteTeam "SK Bremen-West"]
[BlackTeam "Schachzwerge Magdeburg 1"]
[BlackFideId "12943541"]
[EventCountry "GER"]
[EventRounds "6"]
[EventType "team-swiss"]
[EventDate "2013.12.27"]

1. d4 d5 2. Bf4 Nf6 3. e3 Nc6 4. c3 Bf5 5. Bd3 Qd7 6. Nf3 O-O-O 7. Qc2 Bxd3 8.
Qxd3 e6 9. Nbd2 Be7 10. Ne5 Nxe5 11. Bxe5 Rdg8 12. O-O h5 13. e4 Qc6 14. Rfe1
Nd7 15. Re2 dxe4 16. Qxe4 Nxe5 17. Qxe5 g5 18. Ne4 h4 19. g3 Rg6 20. Qxh8+ Bd8
21. Qh5 Qb5 22. f4 hxg3 23. hxg3 Qd3 24. fxg5 Bxg5 25. Nxg5 Qxg3+ 26. Rg2 Qe3+
27. Kh1 Qd3 28. Rag1 f6 29. Nxe6 Rxg2 30. Rxg2 Qf1+ 31. Rg1 Qe2 32. Qe8# 1-0

[Event "DVM U10 2013"]
[Site "Magdeburg GER"]
[Date "2013.12.28"]
[Round "4"]
[White "Wernecke, Tim"]
[Black "Grone, Marvin"]
[Result "0-1"]
[Termination "normal"]
[Board "8.3"]
[WhiteElo "986"]
[BlackElo "1003"]
[WhiteTeam "Schachzwerge Magdeburg 1"]
[BlackTeam "SK Bremen-West"]
[WhiteFideId "12997137"]
[EventCountry "GER"]
[EventRounds "6"]
[EventType "team-swiss"]
[EventDate "2013.12.27"]

1. e4 e5 2. Nf3 Nc6 3. Bc4 Nf6 4. Ng5 d5 5. exd5 Nxd5 6. Nxf7 Kxf7 7. Qf3+ Qf6
8. Bxd5+ Ke8 9. Qxf6 gxf6 10. Nc3 Nd4 11. Bb3 h5 12. Ne4 Be7 13. c3 Nf5 14. O-O
Rh7 15. d3 Rg7 16. Rd1 Nh4 17. g3 Nf3+ 18. Kg2 Nh4+ 19. Kh1 Nf3 20. Bd5 c6 21.
Nxf6+ Bxf6 22. Bxf3 Bh3 23. Bxh5+ Ke7 24. d4 exd4 25. Re1+ Kd7 26. cxd4 Bxd4
27. Rd1 c5 28. b4 Kc7 29. Bf4+ Kb6 30. bxc5+ Bxc5 31. Be3 Bxe3 32. fxe3 Rh8 33.
Rab1+ Kc7 34. Rdc1+ Kb8 35. e4 Rg5 36. Be2 Rg6 37. e5 Rh7 38. Bf1 Bf5 39. Rb3
Rgh6 40. Re3 Rxh2+ 41. Kg1 Rxa2 42. e6 Bg6 43. e7 Be8 44. Rd1 Kc7 45. Rd8 Bc6
46. e8=Q Rh1# 0-1

[Event "DVM U10 2013"]
[Site "Magdeburg GER"]
[Date "2013.12.28"]
[Round "4"]
[White "Müller, Nikica"]
[Black "Eschner, Fabian"]
[Result "1-0"]
[Termination "normal"]
[Board "8.4"]
[WhiteElo "871"]
[BlackElo "849"]
[WhiteTeam "SK Bremen-West"]
[BlackTeam "Schachzwerge Magdeburg 1"]
[WhiteFideId "16235819"]
[BlackFideId "16232860"]
[EventCountry "GER"]
[EventRounds "6"]
[EventType "team-swiss"]
[EventDate "2013.12.27"]

1. e4 e5 2. Nf3 Nc6 3. Nc3 Bc5 4. Bc4 Nf6 5. O-O d6 6. a3 Bg4 7. d3 Nd4 8. h3
Nxf3+ 9. gxf3 Bxh3 10. Re1 g5 11. Bxg5 h6 12. Bh4 Rg8+ 13. Bg3 h5 14. Kh2 Qd7
15. Bb5 c6 16. Nd5 Nxd5 17. exd5 cxb5 18. d4 Bb6 19. dxe5 O-O-O 20. exd6 Rde8
21. Qd2 Kb8 22. Re2 Rxe2 23. Qxe2 Re8 24. Qxe8+ Qc8 25. d7+ Bc7 26. Qxc8# 1-0

[Event "DVM U10 2013"]
[Site "Magdeburg GER"]
[Date "2013.12.28"]
[Round "4"]
[White "Creß, Bastian"]
[Black "Kamp, Adrian"]
[Result "0-1"]
[Termination "normal"]
[Board "9.1"]
[WhiteElo "1302"]
[BlackElo "998"]
[WhiteTeam "SG Blau-Weiß Stadtilm 1"]
[BlackTeam "SK Münster 32"]
[WhiteFideId "16208846"]
[BlackFideId "16222466"]
[EventCountry "GER"]
[EventRounds "6"]
[EventType "team-swiss"]
[EventDate "2013.12.27"]

1. e4 c5 2. d3 d6 3. Nf3 g6 4. g3 Bg7 5. Bg2 Nc6 6. O-O Bg4 7. h3 Bxf3 8. Qxf3
Nd4 9. Qd1 Nf6 10. c3 Ne6 11. Be3 O-O 12. d4 Rc8 13. Qd3 c4 14. Qe2 Qd7 15. b3
Qb5 16. bxc4 Qxc4 17. Qxc4 Rxc4 18. d5 Nc7 19. Bxa7 Nxe4 20. Bxe4 Rxe4 21. Rd1
Nb5 22. Be3 Bxc3 23. Nxc3 Nxc3 24. Rd3 Rc8 25. Kg2 Rec4 26. Bg5 f6 27. Bd2 Kf7
28. Bxc3 Rxc3 29. Rxc3 Rxc3 30. a4 Rc5 31. Rd1 Ra5 32. Rd4 e5 33. dxe6+ Kxe6
34. Rb4 Ra7 35. a5 Rxa5 36. Rxb7 h5 37. Rb6 Ke5 38. f4+ Ke6 39. Kf3 Ra3+ 40.
Kg2 g5 41. fxg5 fxg5 42. Rb5 d5 43. Rb6+ Kf5 44. Rb8 Ra2+ 45. Kf3 g4+ 46. hxg4+
hxg4+ 47. Ke3 Ra3+ 48. Kf2 Ke4 49. Re8+ Kd4 50. Kg2 Ra2+ 51. Kg1 Kd3 52. Rd8 d4
53. Kf1 Ke3 54. Rf8 Ra1+ 55. Kg2 d3 56. Re8+ Kd2 57. Re7 Ra2 58. Kf1 Ra1+ 59.
Kf2 Ra6 60. Rf7 Re6 61. Rc7 Re2+ 62. Kf1 Kd1 63. Rc8 d2 64. Rc7 Re3 65. Kf2 Rb3
66. Rc8 Rb1 67. Kf1 Rc1 68. Rd8 Kc2+ 69. Ke2 d1=Q+ 70. Rxd1 Rxd1 71. Ke3 Rd3+
72. Kf4 Rd4+ 73. Ke3 Kc3 0-1

[Event "DVM U10 2013"]
[Site "Magdeburg GER"]
[Date "2013.12.28"]
[Round "4"]
[White "Hungeling, David"]
[Black "Rapp, Lukas"]
[Result "0-1"]
[Termination "normal"]
[Board "9.2"]
[WhiteElo "863"]
[BlackElo "1058"]
[WhiteTeam "SK Münster 32"]
[BlackTeam "SG Blau-Weiß Stadtilm 1"]
[WhiteFideId "16222440"]
[BlackFideId "12989320"]
[EventCountry "GER"]
[EventRounds "6"]
[EventType "team-swiss"]
[EventDate "2013.12.27"]

1. e4 e5 2. Nf3 Nc6 3. Bc4 Bc5 4. O-O Nf6 5. Nc3 d6 6. h3 Be6 7. Bxe6 fxe6 8.
d3 h6 9. Be3 Bb6 10. Bxb6 axb6 11. a3 O-O 12. d4 exd4 13. Nxd4 Nxd4 14. Qxd4 e5
15. Qe3 Qd7 16. Qg3 Qc6 17. Rfe1 Nh5 18. Qg4 Nf4 19. Ne2 Qxc2 20. Nxf4 Rxf4 21.
Rac1 Qxf2+ 22. Kh1 Rxg4 23. hxg4 Rf8 24. b4 Rf4 25. a4 Rxg4 26. g3 Qf3+ 27. Kg1
Rxg3+ 0-1

[Event "DVM U10 2013"]
[Site "Magdeburg GER"]
[Date "2013.12.28"]
[Round "4"]
[White "Werner, Linus"]
[Black "Schröder, Lennart"]
[Result "1-0"]
[Termination "normal"]
[Board "9.3"]
[WhiteElo "892"]
[BlackElo "600"]
[WhiteTeam "SG Blau-Weiß Stadtilm 1"]
[BlackTeam "SK Münster 32"]
[BlackFideId "16222490"]
[EventCountry "GER"]
[EventRounds "6"]
[EventType "team-swiss"]
[EventDate "2013.12.27"]

1. e4 e5 2. Nc3 Nf6 3. f4 d6 4. Nf3 Bg4 5. h3 Bxf3 6. Qxf3 Nc6 7. Bc4 Be7 8.
O-O O-O 9. fxe5 dxe5 10. d3 Nd4 11. Qf2 Bc5 12. Be3 c6 13. Kh1 Qb6 14. Na4 Qb4
15. Nxc5 Qxc5 16. c3 b5 17. Bxd4 exd4 18. cxd4 Qb6 19. Bb3 Rad8 20. Qg3 Rxd4
21. Rxf6 Kh8 22. Rxf7 Rxf7 23. Bxf7 Qd8 24. Rf1 Rxd3 25. Rf3 Rd1+ 26. Kh2 Rd7
27. e5 Qe7 28. Qf4 c5 29. Be8 h6 30. Qf8+ Kh7 31. Bxd7 1-0

[Event "DVM U10 2013"]
[Site "Magdeburg GER"]
[Date "2013.12.28"]
[Round "4"]
[White "Van Lindt, Raffael"]
[Black "Pflugradt, Natalie"]
[Result "1-0"]
[Termination "normal"]
[Board "9.4"]
[WhiteElo "808"]
[BlackElo "878"]
[WhiteTeam "SK Münster 32"]
[BlackTeam "SG Blau-Weiß Stadtilm 1"]
[WhiteFideId "12998834"]
[BlackFideId "16212444"]
[EventCountry "GER"]
[EventRounds "6"]
[EventType "team-swiss"]
[EventDate "2013.12.27"]

1. e4 e5 2. Nf3 Nc6 3. Nc3 Nf6 4. Bc4 Bc5 5. d3 h6 6. O-O d6 7. h3 Be6 8. Be3
Bb6 9. Bxe6 fxe6 10. Bxb6 axb6 11. d4 exd4 12. Nxd4 Nxd4 13. Qxd4 e5 14. Qd2
O-O 15. Rad1 Qd7 16. Rfe1 Rad8 17. Re3 c6 18. Rd3 d5 19. exd5 cxd5 20. Nxd5 Ne4
21. Qe3 Qf5 22. Ne7+ Kh8 23. Nxf5 Rxd3 24. Rxd3 Rxf5 25. Qxe4 g6 26. Rd8+ Kh7
27. Qxb7+ Rf7 28. Qxf7# 1-0

[Event "DVM U10 2013"]
[Site "Magdeburg GER"]
[Date "2013.12.28"]
[Round "4"]
[White "Hoffmann, Simon"]
[Black "Tünte, Lukas"]
[Result "1-0"]
[Termination "normal"]
[Board "10.1"]
[WhiteElo "1193"]
[BlackElo "946"]
[WhiteTeam "USC Magdeburg"]
[BlackTeam "SG Turm Raesfeld/Erle 1"]
[WhiteFideId "12979686"]
[EventCountry "GER"]
[EventRounds "6"]
[EventType "team-swiss"]
[EventDate "2013.12.27"]

1. e4 e5 2. Nf3 Nf6 3. Nc3 Nc6 4. Bc4 Bc5 5. d3 h6 6. Bd2 d6 7. h3 Be6 8. Bb3
Qd7 9. Qe2 Nd4 10. Nxd4 Bxd4 11. Bxe6 Qxe6 12. O-O O-O 13. a4 c6 14. Qf3 Rad8
15. Rab1 d5 16. exd5 cxd5 17. Rfe1 a6 18. Ne2 Bc5 19. b4 Ba7 20. Bc3 b5 21.
axb5 axb5 22. Nf4 Qc6 23. Bxe5 Qxc2 24. Bxf6 gxf6 25. Nh5 Kh7 26. Qf5+ Kg8 27.
Qg4+ Kh7 28. Qg7# 1-0

[Event "DVM U10 2013"]
[Site "Magdeburg GER"]
[Date "2013.12.28"]
[Round "4"]
[White "Lewerenz, Lars"]
[Black "Schmidt, Friedrich"]
[Result "1/2-1/2"]
[Termination "normal"]
[Board "10.2"]
[WhiteElo "600"]
[BlackElo "1073"]
[WhiteTeam "SG Turm Raesfeld/Erle 1"]
[BlackTeam "USC Magdeburg"]
[EventCountry "GER"]
[EventRounds "6"]
[EventType "team-swiss"]
[EventDate "2013.12.27"]

1. e4 e5 2. Nf3 Nc6 3. d4 exd4 4. Bc4 Bc5 5. Ng5 Nh6 6. Nxf7 Nxf7 7. Bxf7+ Kxf7
8. Qh5+ Kf8 9. Qxc5+ d6 10. Qb5 Kf7 11. O-O Rf8 12. Bg5 Qd7 13. Nd2 Kg8 14.
Rad1 Qg4 15. h3 Qe6 16. Qd5 Nb4 17. Qxd4 Nxc2 18. Qc3 Qe5 19. Qxe5 dxe5 20. Nc4
Be6 21. Nxe5 Bxa2 22. Rd2 Nb4 23. Nf3 Rfe8 24. Re1 Rac8 25. Ra1 c5 26. Re1 b6
27. Rd7 a6 28. e5 Nc2 29. Re2 Nb4 30. Rd6 h6 31. Bh4 Rc6 32. Red2 Bf7 33. Rxc6
Nxc6 34. Rd6 Re6 1/2-1/2

[Event "DVM U10 2013"]
[Site "Magdeburg GER"]
[Date "2013.12.28"]
[Round "4"]
[White "Schmidt, Richard"]
[Black "Mühl, Felix"]
[Result "1-0"]
[Termination "normal"]
[Board "10.3"]
[WhiteElo "985"]
[BlackElo "811"]
[WhiteTeam "USC Magdeburg"]
[BlackTeam "SG Turm Raesfeld/Erle 1"]
[EventCountry "GER"]
[EventRounds "6"]
[EventType "team-swiss"]
[EventDate "2013.12.27"]

1. e4 e5 2. Nf3 Nc6 3. d4 Qe7 4. Nc3 Nf6 5. Be2 Qd8 6. dxe5 Ng4 7. e6 dxe6 8.
Bd2 Bc5 9. O-O O-O 10. h3 Nf6 11. Bd3 e5 12. Bg5 h6 13. Bh4 a6 14. Bg3 b5 15.
Qd2 b4 16. Nd5 Nxd5 17. exd5 Qxd5 18. c4 Qe6 19. Be4 Rd8 20. Bd5 Qf6 21. Bh4
Qg6 22. Rae1 Nb8 23. Nxe5 Qh5 24. Bxf7+ Qxf7 25. Bxd8 Bd6 26. Nxf7 Kxf7 27. Bh4
a5 28. Qd5+ Be6 29. Qxa8 c5 30. Qf3+ Ke8 31. Rxe6+ Kd7 32. Rfe1 Bh2+ 33. Kxh2
Na6 34. Qc6# 1-0

[Event "DVM U10 2013"]
[Site "Magdeburg GER"]
[Date "2013.12.28"]
[Round "4"]
[White "Hegemann, Erik"]
[Black "Khanbekyan, Areg"]
[Result "0-1"]
[Termination "normal"]
[Board "10.4"]
[WhiteElo "896"]
[BlackElo "600"]
[WhiteTeam "SG Turm Raesfeld/Erle 1"]
[BlackTeam "USC Magdeburg"]
[WhiteFideId "16234618"]
[BlackFideId "12993727"]
[EventCountry "GER"]
[EventRounds "6"]
[EventType "team-swiss"]
[EventDate "2013.12.27"]

1. e4 e5 2. Nf3 Nc6 3. Bc4 Bc5 4. Nc3 Nf6 5. d3 d6 6. h3 h6 7. O-O O-O 8. Be3
Bb6 9. Qd2 Be6 10. Bb3 Nd4 11. Nh4 c6 12. Bxh6 Nh5 13. Bxg7 Nxg7 14. Qh6 d5 15.
exd5 cxd5 16. Na4 Rc8 17. c3 Ne2+ 18. Kh1 d4 19. Bc2 Qd7 20. g4 Bd5+ 21. Kh2
Qc7 22. f3 e4+ 23. f4 dxc3 24. b3 Bg1+ 25. Rxg1 Nxg1 26. Kxg1 b5 27. dxe4 f6
28. exd5 bxa4 29. Ng6 Qb6+ 30. Kg2 Rfe8 31. Bf5 Re2+ 32. Kg3 Qf2# 0-1

[Event "DVM U10 2013"]
[Site "Magdeburg GER"]
[Date "2013.12.28"]
[Round "4"]
[White "Kazuch, Vincent"]
[Black "Grund, Sebastian"]
[Result "0-1"]
[Termination "normal"]
[Board "11.1"]
[WhiteElo "1165"]
[BlackElo "1253"]
[WhiteTeam "SV Empor Erfurt 1"]
[BlackTeam "MTV 1876 Saalfeld"]
[WhiteFideId "12971480"]
[BlackFideId "12988626"]
[EventCountry "GER"]
[EventRounds "6"]
[EventType "team-swiss"]
[EventDate "2013.12.27"]

1. e4 c5 2. Nf3 a6 3. d4 cxd4 4. Nxd4 e6 5. Nc3 Qc7 6. Be3 Nf6 7. f3 Bb4 8. Qd2
d5 9. Bd3 e5 10. Nde2 d4 11. Nxd4 exd4 12. Bxd4 Nbd7 13. O-O-O b5 14. g4 Ne5
15. Bxe5 Qxe5 16. Bxb5+ Ke7 17. Be2 Bb7 18. f4 Bxc3 19. fxe5 Bxd2+ 20. Rxd2
Nxe4 21. Rd4 Nc3 22. Re1 Nxe2+ 23. Rxe2 Rhd8 24. Rb4 Bf3 25. Rf2 Rd1# 0-1

[Event "DVM U10 2013"]
[Site "Magdeburg GER"]
[Date "2013.12.28"]
[Round "4"]
[White "Gräf, Patrick"]
[Black "Finke, Daniel"]
[Result "0-1"]
[Termination "normal"]
[Board "11.2"]
[WhiteElo "818"]
[BlackElo "1112"]
[WhiteTeam "MTV 1876 Saalfeld"]
[BlackTeam "SV Empor Erfurt 1"]
[BlackFideId "16217675"]
[EventCountry "GER"]
[EventRounds "6"]
[EventType "team-swiss"]
[EventDate "2013.12.27"]

1. e4 e5 2. Bc4 Nc6 3. Qh5 Qf6 4. Nf3 Bc5 5. O-O g6 6. Qg5 d6 7. Qxf6 Nxf6 8.
d3 h6 9. Nc3 Be6 10. Bxe6 fxe6 11. Nb5 O-O-O 12. Re1 Ng4 13. Be3 Bxe3 14. Rxe3
Nxe3 15. fxe3 a6 16. Nc3 g5 17. d4 g4 18. d5 gxf3 19. dxc6 bxc6 20. gxf3 Rhg8+
21. Kf2 h5 22. h4 Rdf8 23. Ke2 Rg2+ 24. Kf1 Rh2 25. Kg1 Rxc2 26. Nd1 Rxf3 27.
Nc3 Rh3 28. Ne2 Rxe2 29. Kf1 Rh1+ 30. Kxe2 Rxa1 31. a3 Ra2 32. Kd2 Rxb2+ 33.
Kc3 Rh2 34. Kd3 Rxh4 35. Ke2 Rg4 36. Kf3 Rg8 37. a4 h4 38. a5 h3 39. Kf2 h2 40.
Ke2 h1=R 41. Kf2 {Rest nicht nachvollziehbar} 0-1

[Event "DVM U10 2013"]
[Site "Magdeburg GER"]
[Date "2013.12.28"]
[Round "4"]
[White "Schneider, Konstantin"]
[Black "Kramer, Maximilian"]
[Result "0-1"]
[Termination "normal"]
[Board "11.3"]
[WhiteElo "1048"]
[BlackElo "794"]
[WhiteTeam "SV Empor Erfurt 1"]
[BlackTeam "MTV 1876 Saalfeld"]
[EventCountry "GER"]
[EventRounds "6"]
[EventType "team-swiss"]
[EventDate "2013.12.27"]

1. e4 e5 2. Nf3 Nc6 3. d4 Nf6 4. d5 Nd4 5. Nxd4 exd4 6. Qxd4 h6 7. Be2 Be7 8.
e5 c5 9. dxc6 bxc6 10. exf6 Bxf6 11. Qb4 Qb6 12. Qxb6 axb6 13. c3 O-O 14. O-O
Ba6 15. Bxa6 Rxa6 16. Bf4 b5 17. Nd2 b4 18. Ne4 Be7 19. Bd6 Bxd6 20. Nxd6 b3
21. axb3 Rxa1 22. Rxa1 Rb8 23. h3 Rxb3 24. Ra8+ Kh7 25. Nxf7 Rxb2 26. h4 Kg6
27. Ne5+ Kf5 28. Nxd7 g5 29. hxg5 hxg5 30. Ra5+ Kf4 31. g3+ Kg4 32. Ne5+ Kh3
33. Ra8 Rb1# 0-1

[Event "DVM U10 2013"]
[Site "Magdeburg GER"]
[Date "2013.12.28"]
[Round "4"]
[White "Kubelt, Lycian"]
[Black "Niebur, Thorben Carl"]
[Result "0-1"]
[Termination "normal"]
[Board "11.4"]
[WhiteElo "762"]
[BlackElo "984"]
[WhiteTeam "MTV 1876 Saalfeld"]
[BlackTeam "SV Empor Erfurt 1"]
[BlackFideId "16217691"]
[EventCountry "GER"]
[EventRounds "6"]
[EventType "team-swiss"]
[EventDate "2013.12.27"]

1. e4 e6 2. Nf3 d5 3. e5 c5 4. Nc3 Nc6 5. d3 Qb6 6. Bf4 Qxb2 7. Bd2 Qa3 8. Rb1
Qa5 9. Nxd5 Qd8 10. Nc3 f6 11. exf6 Nxf6 12. Rxb7 Na5 13. Rb1 Bd6 14. Bg5 O-O
15. Bxf6 Qxf6 16. d4 h6 17. dxc5 Qxc3+ 18. Nd2 Bxc5 19. Bd3 Qe5+ 20. Ne4 Bxf2+
21. Ke2 Nc4 22. Rb4 Qh5+ 23. g4 Qxg4+ 24. Kf1 Ne3# 0-1